Electromagnetic field
Guardat en:
| Autor principal: | |
|---|---|
| Format: | Llibre |
| Idioma: | anglès |
| Publicat: |
Ane Books
2019
|
| Etiquetes: |
Afegir etiqueta
Sense etiquetes, Sigues el primer a etiquetar aquest registre!
|
MARC
| LEADER | 00000nam a22000007a 4500 | ||
|---|---|---|---|
| 008 | 240226b |||||||| |||| 00| 0 eng d | ||
| 020 | |a 9789384726669 | ||
| 100 | |a JAYANTHY,T. |a Manikandan, C.T |a Arun, M. | ||
| 245 | |a Electromagnetic field |c /T.Jayanthy, C.T.Manikandan, M.Arun |g xiv, 330p;ill | ||
| 260 | |b Ane Books |c 2019 |h New Delhi |i 701793 |i 701794 |l QC665.E4713 |m Electromagnetic field | ||
| 942 | |a lcc |c BK |e Johnson |f 26/02/24 | ||
| 952 | |0 0 |1 0 |2 lcc |4 0 |6 QC0665 E4713 |7 0 |9 4886 |a SL |b HOL |c QZ |d 2024-02-26 |l 0 |o QC665.E4713 |p 2024-0137 |r 2024-02-26 00:00:00 |t 701793 |w 2024-02-26 |y BK | ||
| 952 | |0 0 |1 0 |2 lcc |4 0 |6 QC0665 E4713 |7 0 |9 4887 |a HOL |b HOL |c QZ |d 2024-02-26 |l 0 |o QC665.E4713 |p 2024-0138 |r 2024-02-26 00:00:00 |t 701794 |w 2024-02-26 |y BK | ||
| 999 | |c 2430 |d 2430 | ||